01462cam a2200289 a 45000010009000000050017000090080041000260100015000670200031000820200028001130400033001410430012001740820022001861000026002082450076002342600030003103000044003405000025003845040041004095050465004506500031009156530025009466550024009719420022009959990017010179520138010341595638420141111132021.0091022s2009 ii ad frb 000 0 eng d a2009044879 a9788132102984 (paper back) a8132102983 (paper back) aDLCcDLCdC#PdDLCdEG-ScBUE aa-ii---00a332.0954222bSRI1 aSrinivasan, N.93649010aMicrofinance India :bstate of the sector report 2009 /cN. Srinivasan. aNew Delhi :bSAGE,c2009. axvi, 160 p. :bcharts, tables ;c28 cm. aIncludes appendixes. aIncludes bibliographical references.0 aOverview : signs and pains of maturity-SHG-bank linkage programme : continuing with consolidation-Microfinance institutions : coming of age-The tough classrooms of Karnataka : lessons on customer protection and competition-Policy environment of microfinance : need for change-Human resources and capacity building-Micro-insurance in a macro market-Technology in microfinance and inclusion -Financial inclusion-Future agenda : dealing with challenges of growth. 0aMicrofinancezIndia936491 bBUSADMcNovember2014 vreading book934232 2ddck332.0954 SRI c18598d18570 00102ddc40708BaccahaMAINbMAINc1STd2014-11-11epurchaseg137.00h20677l0o332 SRIp000036978r2025-07-15 00:00:00v171.25yBB